Sermones del Padre D. Teodoro de Almeyda, de la Congregacion de Oratorio de San Felipe Neri de Lisboa...

Detalles Bibliográficos
Autor principal: Almeyda, Theodoro de 1722-1804
Otros Autores: Vázquez Giron, Francisco (tr.)
Formato: Libro
Lenguaje:Spanish
Publicado: Madrid 1798
Edición:Tercera edicion, corregida y enmendada
Materias:
Colección:Banco de datos
Acervo:Biblioteca Armando Olivares Carrillo de la Universidad de Guanajuato. Fondo Conventos
Descripción Física:4 t. 8°
Tema general:Homilética
LEADER 00902nam a22002050004500
035 |a 5039 
041 0 |a spa 
050 4 |a BV4207  |b A5 
100 1 |a Almeyda, Theodoro de  |d 1722-1804 
245 1 0 |a Sermones del Padre D. Teodoro de Almeyda, de la Congregacion de Oratorio de San Felipe Neri de Lisboa...  |c traducidos al castellano por el Padre D. Francisco Vazquez Giron, clérigo reglar 
250 |a Tercera edicion, corregida y enmendada 
260 |a Madrid  |b en la imprenta Real ; por D. Pedro Pereyra, impresor de Cámara de S.M.  |c 1798 
300 |a 4 t.  |c 8° 
505 0 0 |a t.1 Sermones de nuestra señora.-- t.2 Sermones de quaresma.-- t.3 Sermones panegiricos 
650 1 0 |a Homilética 
700 1 |a Vázquez Giron, Francisco  |e tr. 
949 |a CO. t. 3 (9274) 
942 |c GUANAJUATO 
943 |g Biblioteca Armando Olivares Carrillo de la Universidad de Guanajuato. Fondo Conventos 
999 |c 1148996  |d 1148996